Acta Zoológica Lilloana (Registro nro. 17522)

Detalles MARC
000 -CABECERA
Campo de control 00648nam a22002297a 4500
005 - FECHA Y HORA DE LA ULTIMA TRANSACCION
Campo de control 20191224042214.0
008 - ELEMENTOS DE LONGITUD FIJA—INFORMACION GENERAL
Campo de control 150703b2010 ag fr||| |||| 00| 0 spa d
022 ## - ISSN
ISSN 00651729
040 ## - FUENTE DE CATALOGACIÓN
Agencia catalogadora original CO-BoIAVH
Agencia transcriptora CO-BoIAVH
041 ## - IDIOMA
Código de idioma para texto/pista de sonido o título separado Español
044 ## - PAÍS DE PUBLICACIÓN
País de publicación Argentina
090 ## - CLASIFICACIÓN LOCAL
Colección SE
110 ## - ASIENTO PRINCIPAL--NOMBRE CORPORATIVO
Nombre corporativo o de jurisdicción como elemento de entrada Fundación Miguel Lillo
245 ## - MENCION DE TITULO
Título Acta Zoológica Lilloana
260 ## - PUBLICACION, DISTRIBUCION, ETC. (PIE DE IMPRENTA)
Lugar de publicación, distribución, etc. Argentino:
Nombre del editor, distribuidor, etc. Fundación Miguel Lillo,
Fecha de publicación, distribución, etc. 2010.
300 ## - DESCRIPCION FISICA
Otros detalles físicos il. fot. col
650 #4 - ASIENTO SECUNDARIO DE MATERIA - TERMINO TEMATICO
Término temático o nombre geográfico como elemento de entrada Conservación de fauna
9 (RLIN) 4359
650 #4 - ASIENTO SECUNDARIO DE MATERIA - TERMINO TEMATICO
Término temático o nombre geográfico como elemento de entrada Fauna Argentina
9 (RLIN) 35214
650 #4 - ASIENTO SECUNDARIO DE MATERIA - TERMINO TEMATICO
Término temático o nombre geográfico como elemento de entrada Fauna
Subdivisión geográfica Argentina
9 (RLIN) 36009
856 ## - LOCALIZACION Y ACCESO ELECTRONICOS
Identificador Uniforme del Recurso http://www.lillo.org.ar/?q=taxonomy/term/36
942 ## - ELEMENTOS ADICIONALES (KOHA)
Sistema de clasificación Local
Tipo de ítem Periodica o revista
Serial record 1
Existencias
Withdrawn status Lost status Sistema de Clasificación Damaged status No para préstamo Colección Fecha publicación (Año) Volumen revista Número revista Inventariado Ubicación Permanente Ubicación actual Fecha de adquisición Precio Datos de publicación Seriada Total Checkouts Número topográfico Inventario / Código de Barras Date last seen Ejemplar Price effective from Forma de adquisición Tipo de material
    Local     Hemeroteca 2010 54 1 - 2 Inventariado 2017 Bogotá Bogotá 03/07/2015 12000.00 Vol 54, Nro 1 - 2   SE 029673 03/07/2015 Ej. 1 03/07/2015 Canje Periodica o revista
    Local     Hemeroteca 2013 57 4 Inventariado 2017 Bogotá Bogotá 03/07/2015 12000.00 Vol 57, Nro 1   SE 038244 03/07/2015 Ej. 1 03/07/2015 Canje Periodica o revista
    Local     Hemeroteca 2013 57   Inventariado 2017 Bogotá Bogotá 03/07/2015 12000.00 Vol 57, Suplemento, 18-20 Septiembre 2013   SE 038243 03/07/2015 Ej. 1 03/07/2015 Canje Periodica o revista
    Local     Hemeroteca 2013 57 2 Inventariado 2017 Bogotá Bogotá 03/07/2015 12000.00 Vol 57, Nro 2   SE 038245 03/07/2015 Ej. 1 03/07/2015 Canje Periodica o revista
    Local     Hemeroteca 2011 55 2 Inventariado 2017 Bogotá Bogotá 06/07/2015 12000.00 Vol 55, Nro 2   SE 029674 06/07/2015 Ej. 1 06/07/2015 Canje Periodica o revista
    Local     Hemeroteca 1998 44 1 Inventariado 2017 Bogotá Bogotá 27/02/2017 12000.00 Vol 44, Nro 1   SE 022126 27/02/2017 Ej. 1 27/02/2017 Donación Periodica o revista
    Local     Hemeroteca 2006 50 1 - 2 Inventariado 2017 Bogotá Bogotá 27/02/2017 12000.00 Vol 50, Nros 1 - 2   SE 027464 27/02/2017 Ej. 1 27/02/2017 Donación Periodica o revista
    Local     Hemeroteca 2007 51 2 Inventariado 2017 Bogotá Bogotá 27/02/2017 12000.00 Vol 51, No 2   SE 027024 27/02/2017 Ej. 1 27/02/2017 Donación Periodica o revista
    Local     Hemeroteca 2007 51 1 Inventariado 2017 Bogotá Bogotá 27/02/2017 12000.00 Vol 51, No 1   SE 027463 27/02/2017 Ej. 1 27/02/2017 Donación Periodica o revista
    Local     Hemeroteca 2004 48 1 - 2 Inventariado 2017 Bogotá Bogotá 27/02/2017 12000.00 Vol 48, Nros 1 - 2   SE 022128 27/02/2017 Ej. 1 27/02/2017 Donación Periodica o revista
    Local     Hemeroteca 2003 47 1 - 2 Inventariado 2017 Bogotá Bogotá 27/02/2017 12000.00 Vol 47, Nros 1 - 2   SE 022127 27/02/2017 Ej. 1 27/02/2017 Donación Periodica o revista
    Local     Hemeroteca 2008 52 1 - 2 Inventariado 2017 Bogotá Bogotá 27/02/2017 12000.00 Vol 52, Nros 1 - 2   SE 041031 27/02/2017 Ej. 1 27/02/2017 Donación Periodica o revista
    Local     Hemeroteca 2005 49 1 - 2 Inventariado 2017 Bogotá Bogotá 27/02/2017 12000.00 Vol 49, Nros 1 - 2   SE 023952 27/02/2017 Ej. 1 27/02/2017 Donación Periodica o revista
    Local     General 1996 43 2 Inventariado 2017 Bogotá Bogotá 01/04/2017 12000.00 Vol 43, No 2   SE- 022125 01/04/2017 Ej. 1 01/04/2017 Donación Periodica o revista